000 01530cam a22004574i 4500
003 PE-LiUPU
005 20250731184510.0
008 160811s r 000 0 spa d
020 _a8416381747
020 _a9788416381746
035 _a(Sirsi) a162916
040 _aPE-LiUPU
_bspa
_cPE-LiUPU
_erda
082 0 4 _a910
_bCB
_220
100 1 _aFabrizio Finetti,
_eautor.
245 _aCulturas/
_cFinetti Fabrizio.
264 _aBarcelona España
_bValeria manferto de fabianis.
300 _a503 páginas :
_bilustaciones :
_c16 centimetros
336 _atext
_2rdacontent
337 _aunmediated
_2rdamedia
338 _avolume
_2rdacarrier
504 _aBibliografía : página 498.
504 _aÍndices : página 498.
505 0 _aLos rotros del hombre -- Espacios habitables -- Gentes y oficios -- Un mundo de afectos -- El tiempo del espíritu --Los placeres de la mesa -- Ppor los caminos del mundo -- Por tradición, por alegría.
526 _aP136
526 _aP135
526 _aP134
526 _aP133
526 _aP144
526 _aP143
526 _aP87
526 _aP35
526 _aP20
526 _aP14
526 _aP10
526 _aP06
910 _ajck
_bjos
_cjck
_d20160811
596 _a1
942 _2ddc
_cBOOK
999 _a910 CB
_wDEWEY
_c11843
_i74399
_d11843
_e2019-11-11
_f2021-11-9
_g5
_lCCODEBUL1
_mBUL
_n2
_r0
_sY
_tBOOK
_u2016-8-11
_xEDUCACION
_PP20
_0COMPRA
_o.STAFF. Colección General
980 _81
_gALBERTO SANCHEZ Responsable de Automatización